000 00669nam a2200229Ia 4500
003 OSt
005 20220923215050.0
006 a|||||r|||| 00| 0
007 ta
008 220922b |||||||| |||| 00| 0 hin d
024 _a175,312
037 _cTextual
040 _aARTS
_cARTS
_bhin
041 _2hin
_ahin
082 _aO152:9, K81;-;2 (TTPH)
100 _aजैन, नेमिचन्द्र
245 0 _aबदलते परिपेक्ष्य
246 _aBadalate paripekṣhya
260 _c1968
942 _hO152:9, K81;-;2 (TTPH)
_cTEXL
_2CC
999 _c329016
_d329016